| 000 | 00814nam a2200205 i 4500 | ||
|---|---|---|---|
| 001 | 159302 | ||
| 003 | ES-MaACL | ||
| 005 | 20250812014740.0 | ||
| 008 | 981002q1897 sp a |||| | spa d | ||
| 100 | 1 |
_aMélida y Alinari, José Ramón, _d1856-1933 _979969 |
|
| 245 | 1 | 0 |
_aHistoria de el arte egipcio / _cpor José Ramón Mélida. |
| 246 | 3 | _aHistoria del arte egipcio | |
| 260 |
_aMadrid : _bLa España Editorial, _c[1897] ( _fImp. de Felipe Marqués) |
||
| 300 |
_aXIII, 238 p. : _bil. ; _c19 cm. |
||
| 530 | _aDisponible en formato digital. | ||
| 650 | 0 | 7 |
_aArte egipcio _2embne _910185 |
| 852 |
_aES-MaACL _jB-3050 _z- Enc. pasta española _z. - Dedicatoria autógrafa del autor |
||
| 856 |
_uhttp://bdh-rd.bne.es/viewer.vm?id=0000191764&page=1 _zBiblioteca Digital Hispánica |
||
| 999 |
_c159302 _d159302 |
||